| 000 | 01111nam a2200265 a 4500 | ||
|---|---|---|---|
| 001 | 74323 | ||
| 003 | BD-RjUL | ||
| 005 | 20211209082533.0 | ||
| 008 | 180705s2005 b af||| |||| 00| 0 ben d | ||
| 020 | _cTk.500.00 | ||
| 035 | _a(BD-RjUL)74541 | ||
| 040 |
_aBD-RjUL _beng _cBD-RjUL |
||
| 041 | _aben | ||
| 082 |
_223 _a307.14095492 _bINU 2005 |
||
| 100 | 1 |
_aহুদা, ইনামুল _9221657 |
|
| 245 | 1 | 0 |
_aউন্নয়নে জনগনের অংশগ্রহন / _cইনামুল হুদা, |
| 250 | _a২য় সংস্করণ | ||
| 260 |
_aঢাকা : _bওয়াহিদা ইনাম , _c২০০৫ |
||
| 300 |
_a২১১ পৃ. ঃ _bচিত্র ; _c২৮ সেমি. |
||
| 650 |
_aপল্লী উন্নয়ন প্রকল্প _9221658 _zবাংলাদেশ |
||
| 650 |
_aRural development projects _zBangladesh _9221660 |
||
| 650 |
_aঅর্থনৈতিক উন্নয়ন প্রকল্প _zবাংলাদেশ _9221661 |
||
| 650 |
_aEconomic development projects _zBangladesh _9221662 |
||
| 942 |
_2ddc _cBK |
||
| 999 |
_c74323 _d74323 |
||